<?xml version="1.0" encoding="UTF-8"?>
<collection xmlns="http://www.loc.gov/MARC21/slim">
 <record>
  <leader>00521pamaa2200157   4500</leader>
  <controlfield tag="001">0000039683</controlfield>
  <controlfield tag="005">20050802090000.0</controlfield>
  <datafield tag="020" ind1="0" ind2="0">
   <subfield code="a">[Nil] </subfield>
  </datafield>
  <datafield tag="090" ind1="0" ind2="0">
   <subfield code="a">HQ734 </subfield>
   <subfield code="b">STO</subfield>
  </datafield>
  <datafield tag="100" ind1="1" ind2="0">
   <subfield code="a">STOPES </subfield>
  </datafield>
  <datafield tag="245" ind1="1" ind2="0">
   <subfield code="a">Enduring passion : </subfield>
   <subfield code="b">further new contributions to the solution of sex difficulties being the continuation of married love  </subfield>
   <subfield code="c">Marie Stopes.</subfield>
  </datafield>
  <datafield tag="250" ind1="0" ind2="0">
   <subfield code="a">7th ed.</subfield>
  </datafield>
  <datafield tag="260" ind1="0" ind2="0">
   <subfield code="a">London: </subfield>
   <subfield code="b">The Hogarth Press, </subfield>
   <subfield code="c">1953.</subfield>
  </datafield>
  <datafield tag="300" ind1=" " ind2=" ">
   <subfield code="a">xii, 159p.; </subfield>
   <subfield code="c">19 cm.</subfield>
  </datafield>
  <datafield tag="650" ind1="0" ind2="0">
   <subfield code="a">Marriage. [from old catalog] </subfield>
  </datafield>
  <datafield tag="650" ind1="0" ind2="0">
   <subfield code="a">Sexual ethics. [from old catalog]&#13;
 </subfield>
  </datafield>
 </record>
</collection>
